Switzerland : Selected Issues.

In Switzerland, institutionalized expenditure restraints via budget rules have been in use for some time at the cantonal level and for various city budgets. Under the proposed rule for the federal government, spending limits are set by the government although the parliament is primarily allowed to m...

Ausführliche Beschreibung

Bibliographische Detailangaben
Körperschaft: International Monetary Fund
Format: Zeitschrift
Sprache:English
Veröffentlicht: Washington, D.C. : International Monetary Fund, 2001.
Schriftenreihe:IMF Staff Country Reports; Country Report ; No. 2001/075
Online Zugang:Full text available on IMF
LEADER 01581cas a2200241 a 4500
001 AALejournalIMF007913
008 230101c9999 xx r poo 0 0eng d
020 |c 5.00 USD 
020 |z 9781451807233 
022 |a 1934-7685 
040 |a BD-DhAAL  |c BD-DhAAL 
110 2 |a International Monetary Fund. 
245 1 0 |a Switzerland :   |b Selected Issues. 
264 1 |a Washington, D.C. :  |b International Monetary Fund,  |c 2001. 
300 |a 1 online resource (63 pages) 
490 1 |a IMF Staff Country Reports 
500 |a <strong>Off-Campus Access:</strong> No User ID or Password Required 
500 |a <strong>On-Campus Access:</strong> No User ID or Password Required 
506 |a Electronic access restricted to authorized BRAC University faculty, staff and students 
520 3 |a In Switzerland, institutionalized expenditure restraints via budget rules have been in use for some time at the cantonal level and for various city budgets. Under the proposed rule for the federal government, spending limits are set by the government although the parliament is primarily allowed to make only compositional changes in expenditure. Level changes require a qualified majority in parliament. With these requirements, the Swiss government aims to shift the political debate away from spending ceilings toward a debate about long-term spending trends. 
538 |a Mode of access: Internet 
830 0 |a IMF Staff Country Reports; Country Report ;  |v No. 2001/075 
856 4 0 |z Full text available on IMF  |u http://elibrary.imf.org/view/journals/002/2001/075/002.2001.issue-075-en.xml  |z IMF e-Library